000
00203 a2200085 4500
020
_a
9788957703724
100
_a
KIM
245
_a
LANDSCAPE ARCHITECTURE COMPETITION ANNUAL VOL 5
260
_b
ARCHI
_c
2012
999
_c
13591
_d
13591